[Event "Ghent op 45th"]
[Site "Ghent"]
[Date "2024.07.22"]
[Round "6"]
[White "Goossens, Hanne"]
[Black "Liessens, Tom"]
[Result "1-0"]
[WhiteElo "2127"]
[BlackElo "1963"]
[PlyCount "81"]
[EventDate "2024.07.20"]
[EventType "swiss"]
[EventRounds "9"]
[EventCountry "BEL"]
[SourceTitle "CBM 221 Extra"]
[Source "ChessBase"]
[SourceDate "2024.09.30"]
[SourceVersion "1"]
[SourceVersionDate "2024.09.30"]
[SourceQuality "1"]

1. e4 c5 2. c3 e5 3. Nf3 Nc6 4. Bc4 Nf6 5. Ng5 d5 6. exd5 Nxd5 7. Qh5 g6 8. Qf3 Qxg5 9. Bxd5 Nd8 10. 0-0 Qe7 11. d4 cxd4 12. cxd4 exd4 13. Bf4 Bg7 14. Qg3 0-0 15. Bd6 Qe2 16. Bxf8 Bxf8 17. Qb3 Be6 18. Bxe6 Qxe6 19. Qf3 Qc6 20. Qd1 Ne6 21. Nd2 Nf4 22. Qg4 Bd6 23. Rac1 Qd5 24. Rc8+ Rxc8 25. Qxc8+ Kg7 26. Nf3 h5 27. Rd1 g5 28. h3 Ne6 29. Qc2 Be7 30. Qd2 Bf6 31. b3 Nf4 32. h4 Nh3+ 33. gxh3 Qxf3 34. hxg5 Be5 35. Qd3 Qf4 36. Kf1 Qxg5 37. Qe4 Qf6 38. Rd3 Kh6 39. Rf3 Qe6 40. Qxb7 Qg6 41. Qxf7 1-0

[Event "Ghent op 45th"]
[Site "Ghent"]
[Date "2024.07.22"]
[Round "5"]
[White "Liessens, Tom"]
[Black "Ghyselen, Wouter"]
[Result "1/2-1/2"]
[WhiteElo "1963"]
[BlackElo "2077"]
[PlyCount "129"]
[EventDate "2024.07.20"]
[EventType "swiss"]
[EventRounds "9"]
[EventCountry "BEL"]
[SourceTitle "CBM 221 Extra"]
[Source "ChessBase"]
[SourceDate "2024.09.30"]
[SourceVersion "1"]
[SourceVersionDate "2024.09.30"]
[SourceQuality "1"]

1. e4 d6 2. d4 Nf6 3. Nc3 g6 4. Nf3 Bg7 5. Be2 0-0 6. 0-0 c6 7. a4 Qc7 8. Re1 Nbd7 9. h3 e5 10. dxe5 dxe5 11. Bc4 Nc5 12. Qe2 Ne6 13. Be3 Nh5 14. Bxe6 Bxe6 15. Ng5 Bc8 16. Bc5 Rd8 17. Rad1 h6 18. Rxd8+ Qxd8 19. Nf3 Be6 20. Rd1 Qe8 21. Qd2 b6 22. Be3 Qf8 23. Kh2 Qb4 24. Bxh6 Qxb2 25. Bxg7 Kxg7 26. Nxe5 Rh8 27. Nxc6 Rc8 28. Qd4+ Kh7 29. Nd5 Qxc2 30. Ndb4 Qxa4 31. Ra1 Qb3 32. Rxa7 Nf4 33. e5 Nxg2 34. Kxg2 Qxh3+ 35. Kg1 Rh8 36. Qf4 g5 37. Qh2 Qxh2+ 38. Kxh2 Kg6+ 39. Kg2 Kf5 40. Kf3 Rh3+ 41. Ke2 Bc4+ 42. Kd2 b5 43. Rd7 Rh2 44. Ke3 Rh3+ 45. f3 g4 46. Nd4+ Kxe5 47. Nbc6+ Kf6 48. Rd6+ Be6 49. Kf2 gxf3 50. Nxf3 Rh5 51. Rd4 Rc5 52. Rf4+ Rf5 53. Rxf5+ Bxf5 54. Ke3 Be6 55. Kd4 Kf5 56. Nb4 Kf4 57. Ne5 f6 58. Ng6+ Kg5 59. Ne7 Kg4 60. Kc5 Bc4 61. Na6 f5 62. Nxf5 Kxf5 63. Nc7 Ke5 64. Nxb5 Bxb5 65. Kxb5 1/2-1/2